Poesía / (Registro nro. 9178)

Detalles MARC
000 -LIDER
fixed length control field 00963nam a2200349 4500
001 - NÚMERO DE CONTROL
Identificador de número de control 103127
003 - IDENTIFICACDOR DE NÚMERO DE CONTROL
control field DO-SdBPM
005 - DATE AND TIME OF LATEST TRANSACTION
control field 20241204090953.0
007 - CAMPOS FIJOS DE DESCRIPCIÓN FÍSICA
fixed length control field 103127
008 - ELEMENTOS DE LONGITUD FIJA
fixed length control field 110905s2001 sp | |||| 001 p spa
015 ## - NÚMERO DENTRO DE LA BIBLIOGRAFÍA NACIONAL
National bibliography number
017 ## - NÚMERO DE REGISTRO DE DERECHOS DE AUTOR
Copyright or legal deposit number
Assigning agency
020 ## - ISBN
International Standard Book Number 843761693X
035 ## - NÚMERO LOCAL
System control number
040 ## - FUENTE DE CATALOGACIÓN
Agencia que crea de manera original el registro DO-SdBPM
Idioma de catalogación spa
Agencia que realiza la transcripción BPMSU
Convenciones de la despripción
080 ## - NÚMERO DE CLASIFICACIÓN DECIMAL UNIVERSAL
Universal Decimal Classification number
082 #4 - NÚMERO DE CLASIFICACIÓN DECIMAL DE DEWEY
Classification number 861.6
Item number G724p 2001
Edition number 22
100 1# - ASIENTO PRINCIPAL -- NOMBRE PERSONAL
Nombre personal Goytisolo, José Agustín
Fechas asociadas con el nombre 1928-1999
245 10 - MENCIÓN DE TITULO
Título Poesía /
Mención de responsabilidad José Agustín Goytisolo ; edición Carme Riera
Medio (Designación general de material)
250 ## - MENCIÓN DE EDICION
Mención de edición 4a. ed,
260 ## - PUBLICACIÓN, DISTRIBUCIÓN, ETC. (PIE DE IMPRENTA)
Lugar de publicación, distribución, etc Barcelona :
Nombre del editor, distribuidor, etc. Cátedra,
Fecha de publicación, distribución, etc 2001
300 ## - DESCRIPCIÓN FÍSICA
Extensión 335 p. ;
Otros detalles físicos 21 cm
490 0# - MENCIÓN DE SERIES
Mención de serie Letras Hispánicas,
Volume/sequential designation 454
500 ## - NOTA GENERAL
Nota general Incluye referencias bibliográficas y notas al pie de las páginas
504 ## - NOTA DE BIBLIOGRAFÍA, ETC.
Bibliography, etc
650 #4 - ENCABEZAMIENTO DE MATERIA--TEMÁTICO
Término temático o nombre geográfico como elemento de entrada Poesía española
650 #4 - ENCABEZAMIENTO DE MATERIA--TEMÁTICO
Término temático o nombre geográfico como elemento de entrada Literatura española
700 1# - ASIENTO SECUNDARIO -- NOMBRE PERSONAL
Nombre personal Riera, Carme
Fechas asociadas con el nombre 1949-
Mención de responsabilidad editora
700 1# - ASIENTO SECUNDARIO -- NOMBRE PERSONAL
Nombre personal
Fechas asociadas con el nombre
910 ## - VALIDACIÓN
Validación VMateo V. Control de calidad. BPMSU
942 ## - ADDED ENTRY ELEMENTS (KOHA)
Source of classification or shelving scheme Dewey Decimal Classification
Koha item type Libros
Existencias
Withdrawn status Lost status Source of classification or shelving scheme Damaged status Not for loan Collection code Home library Current library Date acquired Source of acquisition Total Checkouts Full call number Barcode Date last seen Price effective from Koha item type
    Dewey Decimal Classification     Colección General Biblioteca Pública Metropolitana Salomé Ureña Biblioteca Pública Metropolitana Salomé Ureña 03/10/2016 FUNDI   BPMSU CG 861.6 G724p 2001 BPMSU16030058 03/10/2016 03/10/2016 Libros